[Event "GER-chT Lands U20"]
[Site "Hannover"]
[Date "2014.10.07"]
[Round "7.4"]
[White "Tran, My Linh"]
[Black "Kololli, Martin"]
[Result "0-1"]
[WhiteElo "2040"]
[BlackElo "2182"]
[PlyCount "114"]
[EventDate "2014.10.03"]
[EventType "team-swiss"]
[EventRounds "7"]
[EventCountry "GER"]
[SourceTitle "CBM 162 Extra"]
[Source "ChessBase"]
[SourceDate "2014.10.17"]
[SourceVersion "1"]
[SourceVersionDate "2014.10.17"]
[SourceQuality "1"]
[WhiteTeam "Hessen"]
[BlackTeam "Schleswig Holstein"]
[WhiteTeamCountry "GER"]
[BlackTeamCountry "GER"]

1. e4 e5 2. Nf3 Nc6 3. Bc4 Nf6 4. d3 Be7 5. c3 0-0 6. Nbd2 d5 7. exd5 Nxd5 8. 0-0 Nb6 9. Bb5 f6 10. Re1 Bd7 11. Nc4 Kh8 12. Nxb6 axb6 13. Ba4 Bg4 14. Bc2 Qd5 15. Bb3 Qd7 16. h3 Bf5 17. d4 exd4 18. cxd4 Na5 19. Nh4 Nxb3 20. Qxb3 Bd6 21. Nxf5 Qxf5 22. Bd2 Qd7 23. Bb4 Rae8 24. Bxd6 Qxd6 25. Qa4 c6 26. Qc4 g6 27. Rad1 Kg7 28. Rxe8 Rxe8 29. Qb3 b5 30. a4 b4 31. Qc4 Re4 32. b3 h5 33. Qc5 Re6 34. Qb6 Qe7 35. Kf1 Kh6 36. a5 Re2 37. a6 Ra2 38. Re1 Rxa6 39. Qc5 Qxc5 40. dxc5 Ra5 41. Re7 Rb5 42. h4 g5 43. hxg5+ fxg5 44. Re6+ Kg7 45. Re5 Kg6 46. Ke2 h4 47. f3 Kf6 48. Re4 Rxc5 49. Rxb4 Rb5 50. Rd4 Rxb3 51. Rd6+ Ke5 52. Rg6 Kf5 53. Rg7 c5 54. Rf7+ Kg6 55. Rc7 b6 56. Rc6+ Kf5 57. Rc8 Rb2+ 0-1

[Event "GER-chT Lands U20"]
[Site "Hannover"]
[Date "2014.10.06"]
[Round "6.4"]
[White "Sieber, Fiona"]
[Black "Tran, My Linh"]
[Result "1-0"]
[WhiteElo "1955"]
[BlackElo "2040"]
[PlyCount "101"]
[EventDate "2014.10.03"]
[EventType "team-swiss"]
[EventRounds "7"]
[EventCountry "GER"]
[SourceTitle "CBM 162 Extra"]
[Source "ChessBase"]
[SourceDate "2014.10.17"]
[SourceVersion "1"]
[SourceVersionDate "2014.10.17"]
[SourceQuality "1"]
[WhiteTeam "Niedersachsen"]
[BlackTeam "Hessen"]
[WhiteTeamCountry "GER"]
[BlackTeamCountry "GER"]

1. e4 e5 2. Nf3 Nc6 3. Bb5 a6 4. Ba4 Nf6 5. 0-0 b5 6. Bb3 Bb7 7. d3 Bc5 8. a4 d6 9. Nc3 b4 10. Ne2 h6 11. a5 0-0 12. Ng3 Bc8 13. Be3 Be6 14. Bxe6 fxe6 15. Bxc5 dxc5 16. Nd2 Ne8 17. Qg4 Qd7 18. Nh5 Nf6 19. Nxf6+ Rxf6 20. Nc4 Raf8 21. Rae1 Qf7 22. f3 Rf4 23. Qh3 Qf6 24. Rf2 Ne7 25. Qh5 Ng6 26. g3 Rxf3 27. Rxf3 Qxf3 28. Qxf3 Rxf3 29. Nd2 Rf7 30. Nb3 Rd7 31. Nxc5 Rd6 32. Re2 Ne7 33. Rf2 Nc8 34. Kf1 Na7 35. Ke1 Nb5 36. Kd2 Nd4 37. c3 bxc3+ 38. bxc3 Nb5 39. Rf1 Rc6 40. Nd7 Rxc3 41. Rf8+ Kh7 42. Ra8 Rc6 43. Nxe5 Rc5 44. Nd7 Rc6 45. Nf8+ Kg8 46. Nxe6+ Kh7 47. Nf8+ Kg8 48. Nd7+ Kh7 49. e5 g5 50. e6 Kg7 51. e7 1-0

[Event "GER-chT Lands U20"]
[Site "Hannover"]
[Date "2014.10.04"]
[Round "3.4"]
[White "Bilchinski, Anton"]
[Black "Tran, My Linh"]
[Result "1-0"]
[WhiteElo "2054"]
[BlackElo "2040"]
[PlyCount "53"]
[EventDate "2014.10.03"]
[EventType "team-swiss"]
[EventRounds "7"]
[EventCountry "GER"]
[SourceTitle "CBM 162 Extra"]
[Source "ChessBase"]
[SourceDate "2014.10.17"]
[SourceVersion "1"]
[SourceVersionDate "2014.10.17"]
[SourceQuality "1"]
[WhiteTeam "Bayern"]
[BlackTeam "Hessen"]
[WhiteTeamCountry "GER"]
[BlackTeamCountry "GER"]

1. d4 Nf6 2. c4 c5 3. d5 b5 4. cxb5 a6 5. bxa6 g6 6. Nc3 Bxa6 7. e4 Bxf1 8. Kxf1 d6 9. g3 Bg7 10. Kg2 Nfd7 11. Nf3 0-0 12. h4 h5 13. Bf4 Qa5 14. Re1 Nb6 15. e5 Nc4 16. Qe2 Qb4 17. a3 Qb3 18. Nd2 Nxd2 19. Qxd2 Ra6 20. Ne4 Rd8 21. exd6 exd6 22. Bg5 Rc8 23. Nf6+ Bxf6 24. Bxf6 Nd7 25. Bc3 f6 26. Qd3 Kf7 27. Qxa6 1-0

[Event "Erfurt U20 Girls 3rd"]
[Site "Erfurt"]
[Date "2014.08.30"]
[Round "8"]
[White "Tran, My Linh"]
[Black "Machlik, Monika"]
[Result "0-1"]
[WhiteElo "2053"]
[BlackElo "2005"]
[PlyCount "120"]
[EventDate "2014.08.25"]
[EventType "tourn"]
[EventRounds "9"]
[EventCountry "GER"]
[SourceTitle "CBM 162 Extra"]
[Source "ChessBase"]
[SourceDate "2014.10.17"]
[SourceVersion "1"]
[SourceVersionDate "2014.10.17"]
[SourceQuality "1"]

1. e4 c6 2. d4 d5 3. exd5 cxd5 4. c4 Nf6 5. Nc3 Nc6 6. Bg5 dxc4 7. Nf3 h6 8. Bxf6 exf6 9. Bxc4 Bd6 10. 0-0 0-0 11. h3 Bf5 12. a3 Rc8 13. Ba2 Qd7 14. Nb5 Bb8 15. d5 Ne5 16. Nbd4 Be4 17. Nxe5 Bxe5 18. f4 Bc7 19. Ne2 Bb6+ 20. Kh2 Bf5 21. Nc3 Bc5 22. Qf3 Bd6 23. Rac1 Rfe8 24. Rfe1 Rxe1 25. Rxe1 Qc7 26. Nb5 Qb6 27. Nxd6 Qxd6 28. Re2 a6 29. Qe3 Bd7 30. g3 Bb5 31. Rd2 Re8 32. Qd4 Bd7 33. Qd3 Re1 34. Qd4 Qc7 35. Bc4 b5 36. Re2 Rxe2+ 37. Bxe2 Qc2 38. Qd3 Qxb2 39. g4 Qc1 40. Qf3 Qd2 41. Kg3 Qd4 42. Kg2 g6 43. f5 g5 44. Qd3 Qxd3 45. Bxd3 Kf8 46. Kf2 Ke7 47. Ke3 Kd6 48. Kd4 Bc8 49. Bf1 Bb7 50. Bg2 Ba8 51. Bf3 Bb7 52. Bg2 a5 53. Bf3 b4 54. axb4 axb4 55. Kc4 Ba6+ 56. Kxb4 Bf1 57. Kc3 Bxh3 58. Kd4 Bf1 59. Bh1 Be2 60. Ke3 Bxg4 0-1

[Event "Erfurt U20 Girls 3rd"]
[Site "Erfurt"]
[Date "2014.08.28"]
[Round "5"]
[White "Tran, My Linh"]
[Black "Rogozenco, Teodora Nana"]
[Result "0-1"]
[WhiteElo "2053"]
[BlackElo "1974"]
[PlyCount "150"]
[EventDate "2014.08.25"]
[EventType "tourn"]
[EventRounds "9"]
[EventCountry "GER"]
[SourceTitle "CBM 162 Extra"]
[Source "ChessBase"]
[SourceDate "2014.10.17"]
[SourceVersion "1"]
[SourceVersionDate "2014.10.17"]
[SourceQuality "1"]

1. e4 d6 2. d4 Nf6 3. Nc3 e5 4. Nf3 Nbd7 5. Bc4 Be7 6. 0-0 0-0 7. Re1 c6 8. a4 a5 9. h3 Nb6 10. Bf1 exd4 11. Nxd4 d5 12. exd5 Nbxd5 13. Nce2 Bc5 14. c3 Qb6 15. Qb3 Qc7 16. Qc4 b6 17. Qd3 Ba6 18. Qf3 Rfe8 19. Bg5 Ne4 20. Bc1 Re5 21. Nf4 Ng5 22. Qd1 Rxe1 23. Qxe1 Nxf4 24. Bxf4 Qxf4 25. Bxa6 Bd6 26. g3 Nxh3+ 27. Kg2 Qxf2+ 28. Qxf2 Nxf2 29. Kxf2 Rxa6 30. Nxc6 Ra8 31. Rd1 Bc5+ 32. Kf3 f6 33. Rd7 Rc8 34. Ne7+ Bxe7 35. Rxe7 Rc4 36. Rb7 Rxa4 37. Rxb6 Rc4 38. Ra6 a4 39. Ra7 h6 40. Ke3 Kh7 41. Kd3 Rg4 42. c4 Rxg3+ 43. Kd4 Rb3 44. c5 Rxb2 45. Rxa4 Rd2+ 46. Ke4 h5 47. c6 h4 48. Rc4 h3 49. Ke3 Rd8 50. Rh4+ Kg6 51. Ke4 Kf7 52. Rxh3 Ke6 53. Rc3 Rc8 54. c7 Kd6 55. Kf5 Rxc7 56. Rd3+ Ke7 57. Kg6 Ke6 58. Re3+ Kd6 59. Rd3+ Ke5 60. Rf3 Ke4 61. Ra3 Rd7 62. Ra1 Rd3 63. Kxg7 f5 64. Kg6 f4 65. Re1+ Re3 66. Rf1 Rg3+ 67. Kf6 f3 68. Re1+ Kd3 69. Ra1 Ke2 70. Ra2+ Kf1 71. Kf5 f2 72. Kf4 Kg2 73. Ke4 Kg1 74. Kf4 f1Q+ 75. Kxg3 Qd3+ 0-1

[Event "Erfurt U20 Girls 3rd"]
[Site "Erfurt"]
[Date "2014.08.26"]
[Round "2"]
[White "Sieber, Fiona"]
[Black "Tran, My Linh"]
[Result "0-1"]
[WhiteElo "1942"]
[BlackElo "2053"]
[PlyCount "52"]
[EventDate "2014.08.25"]
[EventType "tourn"]
[EventRounds "9"]
[EventCountry "GER"]
[SourceTitle "CBM 162 Extra"]
[Source "ChessBase"]
[SourceDate "2014.10.17"]
[SourceVersion "1"]
[SourceVersionDate "2014.10.17"]
[SourceQuality "1"]

1. e4 e5 2. Nf3 Nc6 3. Bc4 Bc5 4. c3 Nf6 5. d3 d6 6. Bb3 a6 7. Nbd2 Ba7 8. 0-0 0-0 9. h3 h6 10. Re1 Re8 11. Nf1 Be6 12. Bc2 d5 13. d4 Nxe4 14. Bxe4 dxe4 15. Nxe5 Nxe5 16. dxe5 Qh4 17. Be3 Bxe3 18. Nxe3 Rad8 19. Qc2 Rd3 20. Re2 Bxh3 21. gxh3 Rxe5 22. Ng2 Rg5 23. f3 Rxf3 24. Rxe4 Rxg2+ 25. Kxg2 Qxh3+ 26. Kg1 Rg3+ 0-1

[Event "Erfurt U20 Girls 3rd"]
[Site "Erfurt"]
[Date "2014.08.26"]
[Round "3"]
[White "Tran, My Linh"]
[Black "Zahn, Alina"]
[Result "1-0"]
[WhiteElo "2053"]
[BlackElo "2024"]
[PlyCount "123"]
[EventDate "2014.08.25"]
[EventType "tourn"]
[EventRounds "9"]
[EventCountry "GER"]
[SourceTitle "CBM 162 Extra"]
[Source "ChessBase"]
[SourceDate "2014.10.17"]
[SourceVersion "1"]
[SourceVersionDate "2014.10.17"]
[SourceQuality "1"]

1. e4 e5 2. Nf3 Nc6 3. Nc3 Nf6 4. d4 exd4 5. Nxd4 Bb4 6. Nxc6 bxc6 7. Bd3 0-0 8. 0-0 d5 9. exd5 cxd5 10. Bg5 c6 11. Qf3 Be7 12. Rae1 Be6 13. h3 h6 14. Bf4 Re8 15. Nd1 Nh7 16. Re2 Ng5 17. Qg3 Kh8 18. Rfe1 Qd7 19. Bxg5 hxg5 20. Rxe6 fxe6 21. Bg6 Bf6 22. Qg4 Kg8 23. Qh5 Kf8 24. Ne3 Ke7 25. Nf5+ Kd8 26. Bxe8 Qxe8 27. Qxe8+ Kxe8 28. Rxe6+ Kd7 29. Re2 g6 30. Ne3 Bxb2 31. c4 Bd4 32. cxd5 Bxe3 33. dxc6+ Kxc6 34. Rxe3 Kd6 35. Ra3 Ke5 36. Ra5+ Kf6 37. Ra6+ Kg7 38. g3 Kh6 39. Kg2 Kh5 40. a3 Kh6 41. a4 Kh5 42. a5 Kh6 43. Rd6 a6 44. Kf3 Rf8+ 45. Ke3 Re8+ 46. Kd4 Rf8 47. Rxa6 Rxf2 48. Re6 g4 49. hxg4 Rg2 50. Kc5 Rxg3 51. Re4 Kg5 52. a6 Ra3 53. Kb5 Kh4 54. Ra4 Rb3+ 55. Ka5 Re3 56. a7 Re5+ 57. Kb6 Re6+ 58. Kc5 Re8 59. a8Q Rxa8 60. Rxa8 Kxg4 61. Kd4 g5 62. Ke4 1-0

[Event "Wch U18 Girls"]
[Site "Al Ain"]
[Date "2013.12.22"]
[Round "6"]
[White "Xiao, Yiyi"]
[Black "Tran, My Linh"]
[Result "0-1"]
[WhiteElo "2163"]
[BlackElo "2061"]
[PlyCount "70"]
[EventDate "2013.12.18"]
[EventType "swiss"]
[EventRounds "11"]
[EventCountry "UAE"]
[SourceTitle "CBM 158 Extra"]
[Source "ChessBase"]
[SourceDate "2014.02.28"]
[SourceVersion "1"]
[SourceVersionDate "2014.02.28"]
[SourceQuality "1"]

1. d4 Nf6 2. c4 c5 3. d5 b5 4. cxb5 a6 5. bxa6 g6 6. Nc3 Bxa6 7. Nf3 d6 8. g3 Bg7 9. Bg2 Nbd7 10. 0-0 Nb6 11. Nd2 0-0 12. Qc2 Bb7 13. e4 Ba6 14. Rd1 Ng4 15. Nf3 Nc4 16. Rb1 Nge5 17. Nxe5 Nxe5 18. b3 Qa5 19. Bb2 c4 20. Na4 Bb5 21. Nc3 Ba6 22. Ba1 Rab8 23. Kh1 Rfc8 24. bxc4 Rxb1 25. Rxb1 Nxc4 26. Rb3 Na3 27. Qd2 Nb5 28. Bf1 Nxc3 29. Bh3 f5 30. exf5 Qxd5+ 31. Qxd5+ Nxd5 32. fxg6 Rc1+ 33. Kg2 Bf1+ 34. Kf3 Bxh3 35. Rb8+ Rc8 0-1

[Event "Wch U18 Girls"]
[Site "Al Ain"]
[Date "2013.12.21"]
[Round "4"]
[White "Nikolovska, Dragana"]
[Black "Tran, My Linh"]
[Result "1/2-1/2"]
[WhiteElo "1876"]
[BlackElo "2061"]
[PlyCount "71"]
[EventDate "2013.12.18"]
[EventType "swiss"]
[EventRounds "11"]
[EventCountry "UAE"]
[SourceTitle "CBM 158 Extra"]
[Source "ChessBase"]
[SourceDate "2014.02.28"]
[SourceVersion "1"]
[SourceVersionDate "2014.02.28"]
[SourceQuality "1"]

1. e4 e5 2. Nf3 Nc6 3. c3 d5 4. Qa4 f6 5. Bb5 Nge7 6. exd5 Qxd5 7. 0-0 Be6 8. d4 exd4 9. Nxd4 Bd7 10. Rd1 Nxd4 11. Bxd7+ Qxd7 12. Qxd7+ Kxd7 13. Rxd4+ Ke6 14. Bf4 Nf5 15. Rd3 Bd6 16. Bxd6 Nxd6 17. Nd2 Rhe8 18. Re1+ Kf5 19. Ree3 Rxe3 20. Rxe3 Re8 21. Rxe8 Nxe8 22. f3 Nd6 23. Kf2 Ke5 24. Ke3 c5 25. b3 b5 26. c4 bxc4 27. Nxc4+ Nxc4+ 28. bxc4 g5 29. g3 Kf5 30. h3 h6 31. f4 h5 32. fxg5 fxg5 33. Kf3 Ke5 34. Ke3 a6 35. a3 a5 36. a4 1/2-1/2

[Event "GER-chT U20 Girls"]
[Site "Osnabrueck"]
[Date "2012.12.28"]
[Round "3.2"]
[White "Tran, My Linh"]
[Black "Bluebaum, Johanna"]
[Result "1-0"]
[WhiteElo "2002"]
[BlackElo "1804"]
[PlyCount "107"]
[EventDate "2012.12.27"]
[EventType "team-swiss"]
[EventRounds "7"]
[EventCountry "GER"]
[SourceTitle "EXT 2014"]
[Source "ChessBase"]
[SourceDate "2013.11.20"]
[SourceVersion "1"]
[SourceVersionDate "2013.11.20"]
[SourceQuality "1"]
[WhiteTeam "Rossdorf"]
[BlackTeam "Chemnitz USG"]
[WhiteTeamCountry "GER"]
[BlackTeamCountry "GER"]

1. e4 e6 2. d4 d5 3. Nc3 Nf6 4. exd5 exd5 5. Bd3 Bb4 6. Nge2 Bg4 7. 0-0 c6 8. f3 Bh5 9. Ng3 0-0 10. Nf5 Nbd7 11. Ne2 Re8 12. Neg3 Bg6 13. c3 Bf8 14. Bg5 Qb6 15. Qd2 Re6 16. Kh1 Rae8 17. c4 dxc4 18. Bxc4 Nd5 19. Qf2 Qb4 20. Bd3 h6 21. Bd2 Qb6 22. a3 c5 23. Bc4 N7f6 24. Bc3 Ne3 25. Bxe6 Nxf1 26. Bxf7+ Bxf7 27. Rxf1 Nd5 28. dxc5 Bxc5 29. Bd4 Bxd4 30. Qxd4 Qxd4 31. Nxd4 Ne3 32. Rc1 Nc4 33. h3 Rd8 34. Ndf5 Rd7 35. Rc2 b5 36. Re2 Kh7 37. Kh2 Bg6 38. Rf2 a6 39. Re2 Bf7 40. Ne4 Rd5 41. Ne3 Nxe3 42. Rxe3 Kg6 43. Rc3 a5 44. Rc6+ Kh7 45. Rc7 Kg6 46. Rb7 Be8 47. Rb6+ Kh7 48. Rb7 Kg6 49. Kg3 Rd3 50. Rb8 Kf7 51. Nc3 Ke7 52. Nxb5 Rb3 53. Rb7+ Kd8 54. Nd6 1-0

[Event "EU-ch U18 Girls"]
[Site "Prague"]
[Date "2012.08.23"]
[Round "7"]
[White "Drakaki, Anna Maria"]
[Black "Tran, My Linh"]
[Result "1-0"]
[WhiteElo "1827"]
[BlackElo "2031"]
[PlyCount "85"]
[EventDate "2012.08.17"]
[EventType "swiss"]
[EventRounds "9"]
[EventCountry "CZE"]
[SourceTitle "CBM 150 Extra"]
[Source "ChessBase"]
[SourceDate "2012.10.19"]
[SourceVersion "1"]
[SourceVersionDate "2012.10.19"]
[SourceQuality "1"]

1. e4 e5 2. Nf3 Nc6 3. Bb5 g6 4. c3 a6 5. Ba4 Bg7 6. 0-0 Nge7 7. d4 exd4 8. cxd4 b5 9. Bb3 d6 10. h3 0-0 11. Nc3 Na5 12. Bc2 c5 13. Bg5 h6 14. Bh4 Qc7 15. dxc5 dxc5 16. Bg3 Qb6 17. Qd6 Qxd6 18. Bxd6 Re8 19. Bxc5 Nc4 20. e5 Bf5 21. Bb3 Nxe5 22. Nxe5 Bxe5 23. Rfe1 Bf6 24. g4 Bd3 25. Rad1 Bc4 26. Ne4 Bxb2 27. Nd6 Bxb3 28. axb3 Bf6 29. Nxe8 Rxe8 30. Rd7 Kf8 31. Ra7 Bh4 32. Re2 Bf6 33. Rxa6 Rc8 34. b4 Bh4 35. Ra7 Rxc5 36. bxc5 Nc6 37. Rb7 Nd4 38. Re4 Bf6 39. Rb8+ Kg7 40. Rxd4 Bxd4 41. c6 Be5 42. Rxb5 Kf6 43. Rxe5 1-0

[Event "EU-chT U18 Girls 12th"]
[Site "Pardubice"]
[Date "2012.07.17"]
[Round "8"]
[White "Juhasz, Barbara"]
[Black "Tran, My Linh"]
[Result "0-1"]
[WhiteElo "2121"]
[BlackElo "2032"]
[PlyCount "78"]
[EventDate "2012.07.12"]
[EventType "team-swiss"]
[EventRounds "9"]
[EventCountry "CZE"]
[SourceTitle "EXT 2020"]
[Source "ChessBase"]
[SourceDate "2019.10.17"]
[SourceVersion "1"]
[SourceVersionDate "2019.10.17"]
[SourceQuality "1"]
[WhiteTeam "Hungary U18 (W)"]
[BlackTeam "Germany U18 (W)"]
[WhiteTeamCountry "HUN"]
[BlackTeamCountry "GER"]

1. e4 e5 2. Nf3 Nc6 3. Bb5 g6 4. c3 a6 5. Bc4 Bg7 6. d4 d6 7. 0-0 Nge7 8. dxe5 dxe5 9. Qe2 0-0 10. Rd1 Qe8 11. b4 Nd8 12. a4 a5 13. Na3 Be6 14. Nb5 Qc6 15. Bd5 Bxd5 16. exd5 Nxd5 17. Rxd5 Qxd5 18. Nxc7 Qd6 19. Nxa8 Ne6 20. Be3 Rxa8 21. Qd2 Qc7 22. b5 Rd8 23. b6 Qc6 24. Qb2 e4 25. Nd4 Nxd4 26. cxd4 Qc4 27. Qd2 Bxd4 28. Qc1 Qd5 29. Rb1 Bxe3 30. fxe3 Qa2 31. Ra1 Qe2 32. Qe1 Qb2 33. Rb1 Qa3 34. Qxa5 Qxe3+ 35. Kh1 Qf2 36. Qe1 Qc2 37. a5 e3 38. Rc1 Qxc1 39. Qxc1 e2 0-1

[Event "EU-chT U18 Girls 12th"]
[Site "Pardubice"]
[Date "2012.07.16"]
[Round "7"]
[White "Tran, My Linh"]
[Black "Wisniowska, Klaudia"]
[Result "0-1"]
[WhiteElo "2032"]
[BlackElo "2165"]
[PlyCount "96"]
[EventDate "2012.07.12"]
[EventType "team-swiss"]
[EventRounds "9"]
[EventCountry "CZE"]
[SourceTitle "EXT 2020"]
[Source "ChessBase"]
[SourceDate "2019.10.17"]
[SourceVersion "1"]
[SourceVersionDate "2019.10.17"]
[SourceQuality "1"]
[WhiteTeam "Germany U18 (W)"]
[BlackTeam "Poland U18 (W)"]
[WhiteTeamCountry "GER"]
[BlackTeamCountry "POL"]

1. e4 c5 2. Nf3 d6 3. d4 cxd4 4. Nxd4 Nf6 5. Nc3 Nc6 6. Bg5 Bd7 7. Bxf6 gxf6 8. Be2 Qa5 9. Nb3 Qg5 10. Nd5 0-0-0 11. g3 f5 12. exf5 Qxf5 13. Ne3 Qf6 14. c3 Kb8 15. Qd2 e6 16. 0-0-0 Qe7 17. Rhe1 Bc8 18. Bh5 Qc7 19. Kb1 Bg7 20. f4 d5 21. Nc2 Rd6 22. Ncd4 a6 23. Qe2 Rhd8 24. Qc2 Rh8 25. Qe2 Nd8 26. Qf2 f6 27. Qc2 Bd7 28. Bg4 h5 29. Bh3 Rb6 30. Nf3 Rd6 31. Nfd4 h4 32. g4 Rb6 33. Nf3 Qxf4 34. Qf2 Qc7 35. Nxh4 Ba4 36. Bf1 Bxb3 37. axb3 Rxb3 38. Qc2 Rb6 39. Nf3 Bf8 40. h3 Bc5 41. Rd3 Nf7 42. Bg2 Rd8 43. Red1 Nd6 44. Nd2 Rc8 45. Rf1 Ba3 46. b3 Nb5 47. c4 Bb4 48. Qb2 Bxd2 0-1

[Event "GER-chT Federal Cup (Women)"]
[Site "Braunfels"]
[Date "2012.06.08"]
[Round "2.3"]
[White "Diederichs, Luise"]
[Black "Tran, My Linh"]
[Result "0-1"]
[WhiteElo "1764"]
[BlackElo "2030"]
[PlyCount "92"]
[EventDate "2012.06.07"]
[EventType "team-swiss"]
[EventRounds "5"]
[EventCountry "GER"]
[SourceTitle "CBM 149 Extra"]
[Source "ChessBase"]
[SourceDate "2012.08.24"]
[SourceVersion "1"]
[SourceVersionDate "2012.08.24"]
[SourceQuality "1"]
[WhiteTeam "Niedersachsen (W)"]
[BlackTeam "Hessen (W)"]
[WhiteTeamCountry "GER"]
[BlackTeamCountry "GER"]

1. g3 Nf6 2. Bg2 e5 3. c4 d5 4. cxd5 Nxd5 5. Nc3 Nb6 6. Nf3 Nc6 7. 0-0 Be7 8. d3 Be6 9. Be3 0-0 10. a3 f6 11. Rc1 Nd4 12. Bxd4 exd4 13. Nb5 c5 14. Nfxd4 cxd4 15. Nc7 Qd7 16. Nxa8 Rxa8 17. Qd2 Na4 18. Qf4 Bd8 19. Qd2 Bb6 20. Qb4 a5 21. Qd2 Nc5 22. Qf4 Nb3 23. Rc2 Re8 24. Qf3 Re7 25. Re1 a4 26. Rd1 Kf8 27. Qf4 Qb5 28. Qd6 Bc5 29. Qd8+ Qe8 30. Qxe8+ Kxe8 31. Be4 g6 32. Kg2 Rc7 33. h4 Kd7 34. Rh1 Kd6 35. Re1 b5 36. e3 Rc8 37. exd4 Nxd4 38. Rc3 Rb8 39. Rec1 Nb3 40. Rd1 Nd4 41. Rdc1 Rc8 42. Re1 Rc7 43. Rcc1 Bb3 44. Rc3 Be6 45. Kf1 Re7 46. Bg2 b4 0-1